02044agaaa2200325 45000010005000000030009000050050017000140070009000310080040000400400023000800410013001031000058001161300032001742450153002062500022003592600130003813000033005115080090005445110083006345200413007175380016011305460013011466500082011597000070012417000072013117000064013839420012014479990019014599520240014789641IT-RoPAU20220918181250.0d cvaizq50131s9999||||xx ||| | || ||und|| aIT-RoPAUcIT-RoPAU aITALIANO aRafaiani SerafinogCodice regista SPICS: 39839948759 aCOSE INVISIBILI (LE)948760 aCOSE INVISIBILI (LE)cSceneggiatura: Rafaiani Serafino -- Diretto da: Rafaiani SerafinopCOSE INVISIBILI (LE) (Rif. Codice opera principale : B9641) aEdizione Standard aASCOLI PICENO (ITALIA)bFRATI MINORI CAPPUCCINI / Distribuzione: ALL SERVICEg"1990 (1° ed.: 1990 ; Ed. Lingua Orig.: 1990)" aVHSbsonoro, col.c45 minuti a"Fotografia: Rossi Piero; Musica: Silvetti Paolo; Sceneggiatura: Rafaiani Serafino; " a"Giorgi Silvia; Tarini Roberta; Borgiani Ada; Conti Emanuela; Fabrizi Sabrina" aSUOR SILVIA UNA GIOVANE CLARISSA RIVIVE IN QUESTO VIDEOFILM ALCUNI MOMENTIDI VITA E LE TAPPE PIU' IMPORTANTI DEL SUO CAMMINO VERSO LA CLAUSURA PRIMAFRA TUTTE L'AMICIZIA CON SUOR CHIARA UNA CLAUSTRALE MALATA DI LEUCEMIA INCONTRATA IN OSPEDALE. SILVIA GIOVANE STUDENTESSA DI MEDICINA SI INTRATTIENE SPESSO CON SUOR CHIARA CHE LE FA SCOPRIRE PIAN PIANO L'ESISTENZA DI UNA VITA DI FEDE. DOCUMENTARIO VOCAZIONALE. aPAL, STEREO aITALIANO aDOCUMENTARIOeTV-PROGRAMMI RELIGIOSI [VHS]xCodice MATERIA SPICS: 9963936814 aRafaiani Serafino e(regista)gCodice regista SPICS: 39839948761 aRafaiani Serafino e(soggetto)gCodice Soggetto SPICS: 39839948762 aSilvetti Paoloe(musica)gCodice Musica SPICS: 39840948763 cVH2ddc c106790d106790 0010406B_9641_00000000000000071aSPICSbSPICSd2015-01-31l0oB9641r2015-01-31 00:00:00w2015-01-31yVHzProgr. Ins.: 279 / N.Vol.:1 / Copie: 1 / Pag.:0 / Copia rara: n.d. / date import: 1.2.2015 / By Epidotti, Trombetti, Vaglietti